000 00558nam a22001817a 4500
005 20251108165332.0
008 250721s1989 xx 000 0 ara d
082 1 4 _a636.5/سام
100 1 _aسامي، محمد سعيد محمد
245 1 0 _aالإنتاج التجاري للبط و الأوز :
_bرعاية - تغذية - أمراض /
264 1 _aالقاهرة :
_bدار الفكر العربي،
_c1989.
300 _a286ص
650 1 7 _aالدواجن
650 1 7 _aالبط
650 1 7 _aالأوز
942 _2ddc
_cBK
999 _c25393
_d25393